|
|
|
|
| LEADER |
00000nam0a2200000 4500 |
| 001 |
355513 |
| 005 |
20231102010812.0 |
| 035 |
|
|
|a (RuTPU)RU\TPU\retro\12773
|
| 090 |
|
|
|a 355513
|
| 100 |
|
|
|a 20200709d1973 m y0rusy50 ca
|
| 101 |
0 |
|
|a rus
|
| 102 |
|
|
|a RU
|
| 105 |
|
|
|a a j 000zy
|
| 200 |
1 |
|
|a Сборник задач по курсу начертательной геометрии
|e учебное пособие для вузов
|f В. О. Гордон, Ю. Б. Иванов, Т. Е. Солнцева
|
| 205 |
|
|
|a 4-е изд., стер.
|
| 210 |
|
|
|a Москва
|c Наука
|d 1973
|
| 215 |
|
|
|a 352 с.
|c ил.
|
| 606 |
1 |
|
|a Начертательная геометрия
|2 stltpush
|3 (RuTPU)RU\TPU\subj\45211
|9 64468
|
| 610 |
1 |
|
|a учебные пособия
|
| 610 |
1 |
|
|a задачи
|
| 610 |
1 |
|
|a точка
|
| 610 |
1 |
|
|a прямая
|
| 610 |
1 |
|
|a плоскость
|
| 610 |
1 |
|
|a пересечение
|
| 610 |
1 |
|
|a чертежи
|
| 610 |
1 |
|
|a преобразование
|
| 610 |
1 |
|
|a кривые линии
|
| 610 |
1 |
|
|a аксонометрические проекции
|
| 675 |
|
|
|a 514.18(076)
|v 4
|
| 700 |
|
1 |
|a Гордон
|b В. О.
|g Владимир Осипович
|
| 701 |
|
1 |
|a Иванов
|b Ю. Б.
|g Юрий Борисович
|
| 701 |
|
1 |
|a Солнцева
|b Т. Е.
|g Татьяна Евгеньевна
|
| 801 |
|
1 |
|a RU
|b 63413507
|c 20200709
|
| 801 |
|
2 |
|a RU
|b 63413507
|c 20210211
|g RCR
|
| 942 |
|
|
|c BK
|